[Event "Høstturnering"]
[Site "Alta"]
[Date "2006.09.05"]
[Round "1"]
[White "Arild, Steinar"]
[Black "Bjerring, Dennis A."]
[Result "1-0"]
[WhiteElo "1149"]
[BlackElo "824"]
[PlyCount "137"]
[EventDate "2006.??.??"]

1. e4 e6 2. d4 d5 3. exd5 exd5 4. c3 Nf6 5. Nf3 Be6 6. Bd3 Bd6 7. O-O Nbd7 8.
Re1 O-O 9. Ng5 g6 10. Nxe6 fxe6 11. Rxe6 Re8 12. Qe2 Re7 13. Bg5 Qe8 14. Rxe7
Qxe7 15. Qxe7 Bxe7 16. Nd2 Bd6 17. Re1 Re8 18. Rxe8+ Nxe8 19. Nf3 Kf7 20. Bh4
Nb6 21. Ng5+ Kg7 22. b3 c6 23. Ne6+ Kg8 24. Nd8 Kf8 25. Nxb7 Be7 26. Bg3 Nc8
27. Na5 c5 28. dxc5 Bxc5 29. c4 dxc4 30. Bxc4 Nf6 31. Nc6 Nb6 32. Bf4 Ng4 33.
Bg3 Nf6 34. h3 Ne4 35. Kf1 Nd2+ 36. Ke2 Nbxc4 37. bxc4 Nxc4 38. f3 Ke8 39. Bf2
Bb6 40. Kd3 Nb2+ 41. Kc2 Kd7 42. Bxb6 axb6 43. Ne5+ Ke6 44. Kxb2 Kxe5 45. Kb3
Kd6 46. Kb4 Kc6 47. f4 h5 48. g4 Kd5 49. gxh5 gxh5 50. Kb5 Ke4 51. a4 Kxf4 52.
Kxb6 Kg3 53. a5 Kxh3 54. a6 Kg3 55. a7 h4 56. a8=Q h3 57. Qa3+ Kg2 58. Qb2+ Kg1
59. Qd4+ Kg2 60. Qg4+ Kh2 61. Kc5 Kh1 62. Qxh3+ Kg1 63. Kd4 Kf2 64. Qe3+ Kg2
65. Ke4 Kf1 66. Qf3+ Ke1 67. Qg2 Kd1 68. Kd3 Kc1 69. Qc2# 1-0

[Event "Høstturnering"]
[Site "Alta"]
[Date "2006.09.05"]
[Round "1"]
[White "Luostarinen, Asmo"]
[Black "Mikalsen, Odd Erling"]
[Result "0-1"]
[WhiteElo "982"]
[BlackElo "1629"]
[PlyCount "56"]
[EventDate "2006.??.??"]

1. e4 c6 2. d4 d5 3. Nc3 dxe4 4. Nxe4 Nd7 5. Nf3 Ngf6 6. Bd3 Nxe4 7. Bxe4 Nf6
8. Bd3 Bg4 9. c3 e6 10. Bg5 Bd6 11. h3 Bh5 12. g4 Bg6 13. Qd2 Qb6 14. Bxf6 gxf6
15. O-O-O a5 16. h4 Qc7 17. h5 Bf4 18. hxg6 Bxd2+ 19. Rxd2 fxg6 20. Bxg6+ Ke7
21. Rxh7+ Rxh7 22. Bxh7 Rh8 23. Bd3 Qf4 24. Ne1 Rh1 25. Kd1 Qxg4+ 26. Re2 Qf3
27. Bc4 b5 28. Bxe6 Qd3+ 0-1

[Event "Høstturnering"]
[Site "Alta"]
[Date "2006.09.05"]
[Round "1"]
[White "Malin, Øyvind"]
[Black "Bakke, Jan Gunnar"]
[Result "0-1"]
[WhiteElo "600"]
[BlackElo "1179"]
[PlyCount "56"]
[EventDate "2006.??.??"]

1. e4 e6 2. d4 d5 3. e5 c5 4. Nf3 Nc6 5. dxc5 Bxc5 6. Bd3 Nge7 7. O-O Bd7 8.
Nc3 a6 9. Re1 Ng6 10. Be3 Bxe3 11. Rxe3 Nf4 12. Ne2 Ng6 13. c3 Qc7 14. Nfd4
Ngxe5 15. Nxc6 bxc6 16. Qa4 c5 17. Qf4 f6 18. c4 d4 19. Rg3 Bc6 20. Rc1 Rb8 21.
b3 Qe7 22. h3 Rb6 23. Be4 g5 24. Qd2 Bxe4 25. Qa5 Qc7 26. f3 Bd3 27. Re1 Nc6
28. Kh2 Nxa5 0-1

[Event "Høstturnering"]
[Site "Alta"]
[Date "2006.09.05"]
[Round "1"]
[White "Mikalsen, Erlend"]
[Black "Isaksen, Eirik Nymo"]
[Result "0-1"]
[WhiteElo "1073"]
[BlackElo "1349"]
[PlyCount "44"]
[EventDate "2006.??.??"]

1. e4 e5 2. Bc4 Nf6 3. d3 h6 4. Ne2 Nc6 5. Nbc3 Bc5 6. O-O a6 7. Kh1 d6 8. h3
h5 9. Bg5 Bd7 10. f4 exf4 11. d4 Ba7 12. Rxf4 Qc8 13. Bxf6 gxf6 14. Rxf6 Bxh3
15. Bxf7+ Kd8 16. gxh3 Qxh3+ 17. Kg1 Rh7 18. Rg6 Rxf7 19. Rg8+ Kd7 20. Rxa8
Qg4+ 21. Kh1 Qh4+ 22. Kg1 Rf2 0-1

[Event "Høstturnering"]
[Site "Alta"]
[Date "2006.09.05"]
[Round "1"]
[White "Rasmussen, Egil"]
[Black "Nilsen, Brage Jæger"]
[Result "1-0"]
[WhiteElo "1327"]
[BlackElo "922"]
[PlyCount "75"]
[EventDate "2006.??.??"]

1. e4 e5 2. Nf3 Nc6 3. Bc4 Bc5 4. O-O Nf6 5. Nc3 d6 6. h3 Be6 7. Bxe6 fxe6 8.
d3 h6 9. Na4 Nd7 10. Nh2 Qe7 11. a3 O-O 12. b4 Bd4 13. c3 Bb6 14. Nxb6 Nxb6 15.
Qg4 Kh8 16. f4 Rf7 17. Be3 Nd7 18. Rf3 Nf6 19. Qg6 Nh7 20. Raf1 Rf6 21. Qg3
exf4 22. Rxf4 e5 23. Rf5 Raf8 24. Rxf6 Rxf6 25. Rxf6 Qxf6 26. Qf3 Qxf3 27. Nxf3
a6 28. Nh4 Nf8 29. Nf5 Ng6 30. a4 b5 31. a5 Nge7 32. Nxe7 Nxe7 33. Kf2 Kg8 34.
g4 Ng6 35. c4 bxc4 36. dxc4 Kf8 37. b5 axb5 38. a6 1-0

[Event "Høstturnering"]
[Site "Alta"]
[Date "2006.09.05"]
[Round "1"]
[White "Solberg, Joachim"]
[Black "Rasmussen, Rikard"]
[Result "1-0"]
[WhiteElo "2149"]
[BlackElo "1087"]
[PlyCount "22"]
[EventDate "2006.??.??"]

1. e4 e5 2. Nf3 Nc6 3. d4 exd4 4. Nxd4 Nxd4 5. Qxd4 d6 6. Nc3 Be6 7. Be3 Nf6 8.
f3 Be7 9. O-O-O Qd7 10. g4 c5 11. Qd2 h6 1-0

[Event "Høstturnering"]
[Site "Alta"]
[Date "2006.09.12"]
[Round "2"]
[White "Bjerring, Dennis A."]
[Black "Luostarinen, Asmo"]
[Result "0-1"]
[WhiteElo "824"]
[BlackElo "982"]
[PlyCount "122"]
[EventDate "2006.??.??"]

1. d4 Nf6 2. c4 d6 3. e3 g6 4. Nf3 Bg7 5. Be2 O-O 6. Nc3 Nbd7 7. O-O c5 8. e4
cxd4 9. Qxd4 Nc5 10. Qe3 Ng4 11. Qd2 f5 12. Ng5 Nf6 13. b4 Ncxe4 14. Ncxe4 fxe4
15. Nxe4 Nxe4 16. Qd5+ e6 17. Qxe4 Bxa1 18. Bg4 e5 19. Qd5+ Kg7 20. Bxc8 Rxc8
21. Qxb7+ Qc7 22. Qa6 Qb6 23. Qa4 Bd4 24. Qd7+ Kh8 25. Bh6 Rc7 26. Qe6 Rcf7 27.
Bxf8 Rxf8 28. Qe7 Qd8 29. Qe6 Rf6 30. Qg4 Bc3 31. b5 Rf4 32. Qg3 Rxc4 33. Rc1
Qc7 34. Qf3 Kg7 35. Qd3 Rc5 36. g3 Bd4 37. Rb1 Rc1+ 38. Rxc1 Qxc1+ 39. Kg2 Qc5
40. f3 Qb6 41. Qc4 Bc5 42. Qe2 Qa5 43. Qc4 Qd2+ 44. Kh3 h5 45. Qe6 Qg5 46. Qd7+
Kh6 47. Qf7 Qf5+ 48. Qxf5 gxf5 49. Kg2 Kg5 50. h4+ Kf6 51. Kf1 d5 52. Ke2 e4
53. fxe4 fxe4 54. a4 Bb6 55. Kd2 Kf5 56. Kc3 Kg4 57. Kb4 e3 58. a5 Bxa5+ 59.
Kxa5 e2 60. Ka6 e1=Q 61. Kxa7 Qa5+ 0-1

[Event "Høstturnering"]
[Site "Alta"]
[Date "2006.09.12"]
[Round "2"]
[White "Isaksen, Eirik Nymo"]
[Black "Brasøy, Aksel"]
[Result "1-0"]
[WhiteElo "1349"]
[BlackElo "1899"]
[PlyCount "76"]
[EventDate "2006.??.??"]

1. e4 c5 2. Nf3 e6 3. d4 cxd4 4. Nxd4 Nc6 5. Nb5 d6 6. Bf4 e5 7. Bg3 Nf6 8.
N5c3 Be7 9. Bh4 O-O 10. Bxf6 Bxf6 11. Nd5 Bg5 12. Be2 Be6 13. Nbc3 Nd4 14. O-O
Rc8 15. Bd3 Kh8 16. f4 exf4 17. Nxf4 Qb6 18. Nfd5 Qc5 19. Kh1 Nc6 20. Qh5 Bh6
21. Rf3 Ne5 22. Rg3 Nxd3 23. Rxd3 Qf2 24. Rad1 Qxc2 25. Ne7 Rc5 26. Ncd5 Bxd5
27. exd5 Qxb2 28. Nf5 Qf6 29. Nxh6 Qxh6 30. Qe2 Rfc8 31. Re3 g6 32. Rf1 Qf8 33.
Qb2+ Kg8 34. Ref3 f5 35. h3 Qf7 36. Qe2 Rc2 37. Qe6 Qxe6 38. dxe6 Kf8 1-0

[Event "Høstturnering"]
[Site "Alta"]
[Date "2006.09.12"]
[Round "2"]
[White "Mikalsen, Odd Erling"]
[Black "Arild, Steinar"]
[Result "1-0"]
[WhiteElo "1629"]
[BlackElo "1149"]
[PlyCount "59"]
[EventDate "2006.??.??"]

1. Nf3 d5 2. c4 dxc4 3. g3 Nf6 4. Bg2 Nc6 5. O-O g6 6. Nc3 Bg7 7. Qa4 O-O 8.
Qxc4 Be6 9. Qa4 a6 10. Ng5 Bd7 11. d4 b5 12. Qd1 Rb8 13. e4 Bc8 14. e5 Nxd4 15.
exf6 Bxf6 16. Be3 e5 17. Nge4 Bg7 18. Rc1 Bb7 19. Ne2 Bxe4 20. Bxe4 c5 21. Rxc5
Qb6 22. Rd5 Rbd8 23. Nxd4 Rxd5 24. Bxd5 exd4 25. Bd2 Rd8 26. Qf3 Qa7 27. Bg5
Rd7 28. Re1 Qb8 29. Bc6 Qc7 30. Re8+ 1-0

[Event "Høstturnering"]
[Site "Alta"]
[Date "2006.09.12"]
[Round "2"]
[White "Nilsen, Brage Jæger"]
[Black "Mikalsen, Erlend"]
[Result "0-1"]
[WhiteElo "922"]
[BlackElo "1073"]
[PlyCount "92"]
[EventDate "2006.??.??"]

1. d4 f5 2. c4 g6 3. Nc3 Nf6 4. Bg5 Bg7 5. e3 d6 6. Nf3 Nbd7 7. Bd3 O-O 8. O-O
Qe8 9. b3 h6 10. Bxf6 Bxf6 11. Nd5 Qd8 12. Nxf6+ Nxf6 13. Nh4 Qe8 14. Qf3 e5
15. dxe5 dxe5 16. e4 f4 17. Qe2 g5 18. Nf3 g4 19. Nh4 Qh5 20. Nf5 Bxf5 21. exf5
f3 22. Qxe5 fxg2 23. Rfe1 Rae8 24. Qg3 Qg5 25. f4 gxf3 26. Qxf3 Nh5 27. Qxg2
Qxg2+ 28. Kxg2 Nf4+ 29. Kh1 Rxe1+ 30. Rxe1 Nxd3 31. Rg1+ Kh7 32. Rf1 Nb4 33. a3
Nc2 34. a4 Nd4 35. Rd1 Nxf5 36. Rd7+ Kg6 37. Rxc7 Rf7 38. Rc8 Nd4 39. b4 Nb3
40. a5 Nc1 41. Re8 Kg5 42. Rg8+ Kh4 43. c5 Nd3 44. Rg6 Kh5 45. Re6 Rg7 46. c6
Nf2# 0-1

[Event "Høstturnering"]
[Site "Alta"]
[Date "2006.09.12"]
[Round "2"]
[White "Rasmussen, Rikard"]
[Black "Malin, Øyvind"]
[Result "1-0"]
[WhiteElo "1087"]
[BlackElo "600"]
[PlyCount "59"]
[EventDate "2006.??.??"]

1. d4 d5 2. c4 dxc4 3. e3 Nf6 4. Nc3 g6 5. Bxc4 Bg7 6. Nf3 O-O 7. O-O Bg4 8. h3
Bd7 9. Qb3 Bc6 10. d5 Be8 11. Qxb7 Nbd7 12. Qb3 Nc5 13. Qc2 Qd6 14. e4 Nfd7 15.
Be3 e6 16. Rad1 c6 17. dxe6 Qe7 18. exd7 Nxd7 19. Bg5 Bf6 20. Bh6 Bg7 21. Bxg7
Kxg7 22. Qd3 Ne5 23. Nxe5 Qxe5 24. Qd4 Qxd4 25. Rxd4 c5 26. Rd5 Rc8 27. Nb5
Bxb5 28. Bxb5 c4 29. Rc1 Rfe8 30. Bxe8 1-0

[Event "Høstturnering"]
[Site "Alta"]
[Date "2006.09.12"]
[Round "2"]
[White "Talberg, Kristian"]
[Black "Jørgensen, Bengt Arne"]
[Result "0-1"]
[WhiteElo "1316"]
[BlackElo "1139"]
[PlyCount "38"]
[EventDate "2006.??.??"]

1. d4 d5 2. c4 dxc4 3. Nc3 Nf6 4. e4 e6 5. Bxc4 Bb4 6. Qd3 a6 7. a3 Be7 8. Nge2
b5 9. Bb3 c5 10. Bc2 Nc6 11. d5 Ne5 12. Qg3 Ng6 13. e5 Nxd5 14. Nxd5 Qxd5 15.
Bxg6 hxg6 16. Bf4 Bb7 17. Kf1 O-O-O 18. f3 Bh4 19. Qg4 Qd1+ 0-1

[Event "Høstturnering"]
[Site "Alta"]
[Date "2006.09.19"]
[Round "3"]
[White "Jørgensen, Bengt Arne"]
[Black "Mikalsen, Odd Erling"]
[Result "0-1"]
[WhiteElo "1139"]
[BlackElo "1629"]
[PlyCount "76"]
[EventDate "2006.??.??"]

1. e4 e5 2. Nf3 Nc6 3. Bc4 Be7 4. d3 Nf6 5. a3 d6 6. Nc3 O-O 7. h3 a6 8. Be3
Na5 9. Ba2 c5 10. Qd2 b5 11. b4 Nc6 12. Nd5 Nd4 13. Nxe7+ Qxe7 14. c3 Nc6 15.
Bg5 Be6 16. Nh4 Bxa2 17. Rxa2 Qe6 18. Nf5 Ne7 19. Nxe7+ Qxe7 20. O-O Qe6 21. f4
exf4 22. Rxf4 Nd7 23. d4 Rfe8 24. Qf2 cxd4 25. cxd4 Qg6 26. Rg4 Rxe4 27. Bf4
Qe6 28. Rc2 Nf6 29. Rg3 Re8 30. Rc6 Re2 31. Qf3 Re1+ 32. Kh2 Ne4 33. Rxa6 Nxg3
34. Bxg3 Re3 35. Qb7 Qb3 36. Qxb5 d5 37. Be5 Rc8 38. Qb7 Rxh3+ {oppgitt} 0-1

[Event "Høstturnering"]
[Site "Alta"]
[Date "2006.09.19"]
[Round "3"]
[White "Luostarinen, Asmo"]
[Black "Isaksen, Eirik Nymo"]
[Result "0-1"]
[WhiteElo "982"]
[BlackElo "1349"]
[PlyCount "92"]
[EventDate "2006.??.??"]

1. e4 e5 2. Nf3 Nc6 3. Bb5 a6 4. Ba4 Nf6 5. d3 b5 6. Bb3 h6 7. O-O Bc5 8. c3
Bb6 9. h3 O-O 10. Re1 d6 11. Nbd2 Na5 12. Bc2 c5 13. a3 c4 14. Nf1 cxd3 15.
Bxd3 Be6 16. Be3 Nb3 17. Bxb6 Qxb6 18. Rb1 Nc5 19. Bc2 Rac8 20. Ng3 Rfd8 21.
Qe2 Nb7 22. Red1 Na5 23. Nd2 Nc4 24. Nxc4 Rxc4 25. Bb3 Rc6 26. Bxe6 fxe6 27.
Rd2 Rc7 28. Nh5 Nxh5 29. Qxh5 Rf7 30. Rbd1 Rdf8 31. Rf1 Rf4 32. Qe2 a5 33. Qd3
Rd8 34. Qe2 b4 35. g3 Rf6 36. Kg2 bxc3 37. bxc3 Qc5 38. c4 Qxa3 39. Ra2 Qc5 40.
f3 Rff8 41. Rfa1 Ra8 42. Qc2 Rfb8 43. Qc3 Rb4 44. Ra4 Rab8 45. Rxa5 Rb2+ 46.
Kf1 Qf2# 0-1

[Event "Høstturnering"]
[Site "Alta"]
[Date "2006.09.19"]
[Round "3"]
[White "Malin, Øyvind"]
[Black "Bjerring, Dennis A."]
[Result "1/2-1/2"]
[WhiteElo "600"]
[BlackElo "824"]
[PlyCount "75"]
[EventDate "2006.??.??"]

1. e4 e6 2. d4 d5 3. e5 Nc6 4. Nf3 Bd7 5. Bb5 Be7 6. O-O a6 7. Bd3 f6 8. Nc3
Bb4 9. Bd2 Qe7 10. a3 Ba5 11. Re1 Bb6 12. Be3 O-O-O 13. h3 h6 14. Kh1 Kb8 15.
Na4 Ba7 16. c3 g5 17. Kg1 Qg7 18. Nc5 fxe5 19. dxe5 Qe7 20. Nxd7+ Qxd7 21.
Bxa7+ Nxa7 22. Qb3 Qc6 23. Nd4 Qb6 24. Qb4 Nc6 25. Nxc6+ Qxc6 26. c4 dxc4 27.
Bxc4 Rd4 28. Rac1 a5 29. Qb3 b6 30. Bxe6 Qe8 31. Bd5 Qf8 32. Qb5 Ne7 33. Bc6
Rd2 34. Rf1 Rg8 35. Bf3 Qc8 36. Bg4 Qb7 37. Bf3 Qc8 38. Bg4 1/2-1/2

[Event "Høstturnering"]
[Site "Alta"]
[Date "2006.09.19"]
[Round "3"]
[White "Mikalsen, Erlend"]
[Black "Pedersen, Birger"]
[Result "1-0"]
[WhiteElo "1073"]
[BlackElo "1248"]
[PlyCount "55"]
[EventDate "2006.??.??"]

1. e4 c5 2. Nc3 Nc6 3. f4 d6 4. Bb5 Bd7 5. Bxc6 Bxc6 6. Nf3 g6 7. O-O Bg7 8. d3
f6 9. Qe1 Nh6 10. Qg3 Nf7 11. h4 Qc7 12. f5 O-O-O 13. fxg6 Ne5 14. Nxe5 dxe5
15. Be3 b6 16. a4 Kb7 17. a5 hxg6 18. axb6 Qxb6 19. Na4 Bxa4 20. Rxa4 Bh6 21.
Bxh6 Rxh6 22. Rfa1 Ra8 23. Qh3 e6 24. Ra6 Qc7 25. Qxe6 Rxh4 26. Qd5+ Kb8 27.
R6a3 Qh7 28. Rb3+ 1-0

[Event "Høstturnering"]
[Site "Alta"]
[Date "2006.09.19"]
[Round "3"]
[White "Rist, Karl-Johan"]
[Black "Bakke, Jan Gunnar"]
[Result "1-0"]
[WhiteElo "1256"]
[BlackElo "1179"]
[PlyCount "59"]
[EventDate "2006.??.??"]

1. e4 e6 2. d4 d5 3. e5 c5 4. c3 Nc6 5. Nf3 Qb6 6. Bd3 Nge7 7. Bc2 Ng6 8. O-O
Be7 9. b3 Bd7 10. Be3 cxd4 11. cxd4 Nb4 12. Bxg6 hxg6 13. Nc3 Qd8 14. Rc1 Rh5
15. Qd2 Na6 16. Ne2 Bb4 17. Qd3 Ba3 18. Rcd1 Nb4 19. Qb1 Bb5 20. Nf4 Rf5 21.
Rfe1 Rc8 22. Rd2 Na6 23. g4 Rxf4 24. Bxf4 Bb4 25. Ng5 Bxd2 26. Bxd2 Qe7 27. a4
Bc6 28. Rc1 Nb4 29. Nf3 Qd7 30. Bxb4 {oppgitt} 1-0

[Event "Høstturnering"]
[Site "Alta"]
[Date "2006.09.26"]
[Round "4"]
[White "Mikalsen, Odd Erling"]
[Black "Rist, Karl-Johan"]
[Result "1-0"]
[WhiteElo "1629"]
[BlackElo "1256"]
[PlyCount "57"]
[EventDate "2006.??.??"]

1. Nf3 d5 2. d4 Nf6 3. c4 e6 4. Bg5 Be7 5. e3 Nbd7 6. Qc2 c5 7. Nc3 a6 8. a4
O-O 9. Bd3 dxc4 10. Bxc4 Nb6 11. Bd3 c4 12. Be2 Qc7 13. O-O Nbd5 14. e4 Nf4 15.
Bxf4 Qxf4 16. Bxc4 Bd7 17. Ne5 Bd6 18. g3 Qh6 19. Nxd7 Nxd7 20. f4 Qh3 21. Rf3
Rac8 22. Bf1 Qg4 23. Kg2 h5 24. h3 Qg6 25. Bd3 f5 26. exf5 exf5 27. Kh2 Qf6 28.
Rd1 Nb6 29. Qb3+ 1-0

[Event "Høstturnering"]
[Site "Alta"]
[Date "2006.09.26"]
[Round "4"]
[White "Rasmussen, Rikard"]
[Black "Luostarinen, Asmo"]
[Result "1/2-1/2"]
[WhiteElo "1087"]
[BlackElo "982"]
[PlyCount "57"]
[EventDate "2006.??.??"]

1. d4 d5 2. c4 e6 3. Nc3 c6 4. cxd5 cxd5 5. Bf4 a6 6. Nf3 Nf6 7. e3 Be7 8. Bd3
Nc6 9. O-O Nh5 10. Ne2 Nxf4 11. Nxf4 O-O 12. a3 Re8 13. Qc2 g6 14. Rfd1 Bf6 15.
b4 e5 16. dxe5 Nxe5 17. Nd4 Nxd3 18. Qxd3 Be6 19. Rac1 Qd7 20. Rc3 Rac8 21.
Rdc1 Rxc3 22. Qxc3 Rc8 23. Qxc8+ Qxc8 24. Rxc8+ Bxc8 25. Nxd5 Bd8 26. Kf1 f5
27. Ke2 Kg7 28. f4 h6 29. g3 1/2-1/2

[Event "Høstturnering"]
[Site "Alta"]
[Date "2006.10.03"]
[Round "5"]
[White "Isaksen, Eirik Nymo"]
[Black "Mikalsen, Odd Erling"]
[Result "1-0"]
[WhiteElo "1349"]
[BlackElo "1629"]
[PlyCount "87"]
[EventDate "2006.??.??"]

1. d4 Nf6 2. Nf3 e6 3. c4 c5 4. d5 exd5 5. cxd5 d6 6. Nc3 Be7 7. Bf4 a6 8. a4
Qb6 9. Qc2 Bg4 10. Nd2 Nbd7 11. Nc4 Qc7 12. h3 Bh5 13. e4 O-O 14. Bd3 Rfe8 15.
O-O Bg6 16. Rfe1 Bf8 17. Bh2 Ne5 18. f4 Nxd3 19. Qxd3 h6 20. f5 Bh7 21. e5 dxe5
22. Bxe5 Qd7 23. Rf1 b5 24. Nb6 Qb7 25. Nxa8 Rxe5 26. axb5 Qxa8 27. Rxa6 Qe8
28. b6 Qc8 29. Qb5 Re8 30. b7 Qc7 31. Ra8 Rb8 32. Rxb8 Qxb8 33. Ra1 Bxf5 34.
Ra8 Qg3 35. b8=Q Qe3+ 36. Kh2 Kh7 37. Qg3 Bd6 38. Qxd6 Bxh3 39. Qg3 Ng4+ 40.
Kxh3 Nf2+ 41. Kh2 Qe1 42. Qbd3+ g6 43. Qdxg6+ fxg6 44. Qc7+ 1-0

[Event "Høstturnering"]
[Site "Alta"]
[Date "2006.10.03"]
[Round "5"]
[White "Rist, Karl-Johan"]
[Black "Rasmussen, Rikard"]
[Result "0-1"]
[WhiteElo "1256"]
[BlackElo "1087"]
[PlyCount "54"]
[EventDate "2006.??.??"]

1. d4 Nf6 2. c4 e6 3. Nc3 Bb4 4. a3 Bxc3+ 5. bxc3 b6 6. Nf3 Bb7 7. Nd2 d6 8. f3
Nbd7 9. e4 O-O 10. Bd3 d5 11. e5 Ne8 12. O-O c5 13. f4 f5 14. Qh5 g6 15. Qh6
Nc7 16. Rf3 Qe7 17. Rh3 Rac8 18. Nf3 Rf7 19. Ng5 Rg7 20. Be3 Nf8 21. Bf2 Ne8
22. Bh4 Qd7 23. Nf3 dxc4 24. Bc2 Bxf3 25. Rxf3 cxd4 26. Rd1 d3 27. Bf2 dxc2 0-1

[Event "Høstturnering"]
[Site "Alta"]
[Date "2006.10.03"]
[Round "5"]
[White "Arild, Steinar"]
[Black "Solberg, Joachim"]
[Result "0-1"]
[WhiteElo "1149"]
[BlackElo "2149"]
[PlyCount "82"]
[EventDate "2006.??.??"]

1. e4 c5 2. Bc4 e6 3. Nc3 Nc6 4. Nf3 d6 5. d3 Nf6 6. O-O Be7 7. a3 O-O 8. Bf4
d5 9. exd5 exd5 10. Ba2 Bg4 11. Nb1 Bd6 12. Bg3 Nd4 13. Nbd2 Re8 14. c3 Ne2+
15. Kh1 Nxg3+ 16. fxg3 Qd7 17. Re1 Qf5 18. Rxe8+ Rxe8 19. Qf1 Re3 20. d4 c4 21.
Qf2 Qe6 22. Ne5 Re2 23. Qf4 Bxe5 24. dxe5 Qxe5 25. Qxe5 Rxe5 26. h3 Be6 27. Nf3
Re2 28. b3 Ne4 29. Nd4 Rb2 30. bxc4 Nxc3 31. cxd5 Bxd5 32. Bxd5 Nxd5 33. a4 g6
34. Kh2 Ne3 35. h4 Nxg2 36. Kh3 h5 37. a5 Ne3 38. a6 Ng4 39. Nf3 b5 40. Nd2
Rxd2 41. Ra2 Nf2+ 0-1

[Event "Høstturnering"]
[Site "Alta"]
[Date "2006.??.??"]
[Round "6"]
[White "Rasmussen, Rikard"]
[Black "Isaksen, Eirik Nymo"]
[Result "0-1"]
[WhiteElo "1087"]
[BlackElo "1349"]
[PlyCount "98"]
[EventDate "2006.??.??"]

1. e4 e5 2. Nf3 Nc6 3. Bc4 Nf6 4. Nc3 Nxe4 5. Nxe4 d5 6. Bd3 dxe4 7. Bxe4 Bd6
8. h3 O-O 9. O-O Bd7 10. d4 exd4 11. Nxd4 Nxd4 12. Qxd4 Bc6 13. Be3 Bxe4 14.
Qxe4 Qc8 15. Bd4 Re8 16. Qf3 Qe6 17. Qxb7 Rab8 18. Qf3 Rb5 19. Qc3 c5 20. Qd3
Qd7 21. Bc3 Rb6 22. Rfe1 Rc8 23. Rad1 Re8 24. Rxe8+ Qxe8 25. Re1 Qc8 26. b3 h6
27. Qe4 Bf8 28. Qe8 Qf5 29. Qe4 Qc8 30. Qe5 Rg6 31. Qe3 Qc6 32. Qe4 Qc8 33. Qf3
c4 34. Bd4 cxb3 35. Qxb3 Qc6 36. f3 Qd7 37. Qe3 Qxh3 38. Qf2 Qd7 39. Bxa7 Qa4
40. c3 Qc6 41. Bd4 Bd6 42. Qe3 Qd5 43. a4 Qh5 44. Kf1 Bg3 45. Rb1 Re6 46. Qg1
Qd5 47. Qh1 Qc4+ 48. Kg1 Qe2 49. Rf1 Qxf1+ 0-1

[Event "Høstturnering"]
[Site "Alta"]
[Date "2006.10.10"]
[Round "6"]
[White "Pedersen, Birger"]
[Black "Malin, Øyvind"]
[Result "1-0"]
[WhiteElo "1248"]
[BlackElo "600"]
[PlyCount "67"]
[EventDate "2006.??.??"]

1. d4 d5 2. c4 c6 3. Nc3 Nf6 4. Bg5 Nbd7 5. Nf3 h6 6. Bxf6 Nxf6 7. Ne5 Be6 8.
e3 g6 9. Bd3 Bf5 10. Bxf5 gxf5 11. f3 Qb6 12. Qc2 Rh7 13. c5 Qb4 14. Nd3 Qa5
15. O-O O-O-O 16. a4 e6 17. b4 Qc7 18. b5 b6 19. bxc6 Qxc6 20. Ne5 Qc7 21. c6
Bb4 22. Nb5 Qe7 23. c7 Re8 24. Nc6 Qd7 25. Nxb4 Kb7 26. Rfc1 Rhh8 27. c8=Q+
Rxc8 28. Qd3 Rxc1+ 29. Rxc1 Rc8 30. Rxc8 Kxc8 31. Qc2+ Kd8 32. Nxa7 Qd6 33.
Qc8+ Ke7 34. Nbc6+ 1-0

[Event "Høstturnering"]
[Site "Alta"]
[Date "2006.10.10"]
[Round "6"]
[White "Mikalsen, Odd Erling"]
[Black "Mikalsen, Erlend"]
[Result "1-0"]
[WhiteElo "1629"]
[BlackElo "1073"]
[PlyCount "47"]
[EventDate "2006.??.??"]

1. e4 c5 2. Nc3 e6 3. f4 Nc6 4. Nf3 g6 5. Bb5 Nge7 6. Bxc6 bxc6 7. d4 d5 8.
dxc5 Bg7 9. Be3 Qa5 10. Bd4 O-O 11. Bxg7 Kxg7 12. Qd4+ Kg8 13. b4 Qc7 14. Qf6
dxe4 15. Ng5 Nd5 16. Nxd5 exd5 17. h4 Bf5 18. h5 Qxf4 19. h6 Qe3+ 20. Kf1 Qf4+
21. Nf3 Qxh6 22. Rxh6 exf3 23. gxf3 Rae8 24. Rxh7 1-0

[Event "Høstturnering"]
[Site "Alta"]
[Date "2006.10.10"]
[Round "6"]
[White "Luostarinen, Asmo"]
[Black "Arild, Steinar"]
[Result "0-1"]
[WhiteElo "982"]
[BlackElo "1149"]
[PlyCount "98"]
[EventDate "2006.??.??"]

1. e4 e6 2. Nf3 d5 3. exd5 exd5 4. d4 Nc6 5. Be2 Nf6 6. O-O Bf5 7. Re1 Be7 8.
h3 O-O 9. Nbd2 Nb4 10. Bd3 Bxd3 11. cxd3 Nxd3 12. Re2 Nf4 13. Re3 Qd7 14. Ne5
Qc8 15. Qf3 Ne6 16. Nb3 Ng5 17. Qe2 Nfe4 18. Rd3 f6 19. Bxg5 fxg5 20. f3 Ng3
21. Qe1 Nh5 22. Re3 Bd6 23. Rc1 c6 24. Rc2 Nf4 25. Nc5 Bxc5 26. Rxc5 Ne6 27.
Ng6 Re8 28. Rxe6 Qxe6 29. Ne5 Rac8 30. Rc2 Qd6 31. Qg3 h6 32. Qg4 Qf6 33. Qh5
Rxe5 34. dxe5 Qxe5 35. Qg4 Qe3+ 36. Kh2 Qf4+ 37. Qxf4 gxf4 38. g3 fxg3+ 39.
Kxg3 Re8 40. Kf4 Kf7 41. Rd2 Kf6 42. b4 a6 43. a4 h5 44. h4 Re5 45. Kg3 Kf5 46.
Rd3 g6 47. Kf2 b6 48. Rc3 Re6 49. Rd3 Rd6 0-1

[Event "Høstturnering"]
[Site "Alta"]
[Date "2006.10.10"]
[Round "6"]
[White "Bjerring, Dennis A."]
[Black "Rasmussen, Egil"]
[Result "0-1"]
[WhiteElo "824"]
[BlackElo "1327"]
[PlyCount "62"]
[EventDate "2006.??.??"]

1. d4 d5 2. c4 Nf6 3. e3 Bf5 4. Nc3 c6 5. Nf3 g6 6. Bd2 Bg7 7. Qa4 O-O 8. Nh4
Bd7 9. Bd3 Re8 10. e4 dxe4 11. Bc2 c5 12. Qb3 cxd4 13. Nxe4 Bc6 14. Ng5 e5 15.
c5 Bd5 16. Qh3 e4 17. O-O h6 18. Nxf7 Bxf7 19. Qg3 Nh5 20. Qg4 Qd7 21. Qe2 d3
22. Bxd3 Qxd3 23. Qd1 Bf6 24. g3 Bxh4 25. gxh4 Kh7 26. Qc1 Qf3 27. Bxh6 Be6 28.
Qg5 Bh3 29. Rad1 Re5 30. Qg3 Nxg3 31. fxg3 Qg2# 0-1

[Event "Høstturnering"]
[Site "Alta"]
[Date "2006.10.17"]
[Round "7"]
[White "Isaksen, Eirik Nymo"]
[Black "Solberg, Joachim"]
[Result "0-1"]
[WhiteElo "1349"]
[BlackElo "2149"]
[PlyCount "86"]
[EventDate "2006.??.??"]

1. e4 c5 2. Nf3 e6 3. d4 cxd4 4. Nxd4 a6 5. Nc3 b5 6. Be3 Qc7 7. Be2 Bb7 8. f3
Nf6 9. O-O Bc5 10. Kh1 d6 11. Bf2 O-O 12. Bg3 Nh5 13. Bf2 Nf4 14. Bg3 Nxe2 15.
Ncxe2 Nd7 16. Nb3 Ne5 17. Nxc5 dxc5 18. Nf4 Qc6 19. Qe2 Nc4 20. b3 Nb6 21. Rad1
Rfd8 22. Rxd8+ Rxd8 23. Rd1 Rd7 24. Rxd7 Nxd7 25. Qe3 c4 26. h3 e5 27. Nd5 Qd6
28. Qa7 Bxd5 29. exd5 f6 30. Qa8+ Kf7 31. Qc6 Qxc6 32. dxc6 Nb6 33. Bf2 Nc8 34.
Bc5 Ke6 35. Kg1 g6 36. Kf2 Kd5 37. Bb4 Kxc6 38. Ke3 Kd5 39. g3 f5 40. Ba3 Na7
41. Bb2 Nc6 42. c3 cxb3 43. axb3 Na5 0-1

[Event "Høstturnering"]
[Site "Alta"]
[Date "2006.10.17"]
[Round "7"]
[White "Mikalsen, Odd Erling"]
[Black "Rasmussen, Rikard"]
[Result "1/2-1/2"]
[WhiteElo "1629"]
[BlackElo "1087"]
[PlyCount "81"]
[EventDate "2006.??.??"]

1. e4 e5 2. d4 exd4 3. Qxd4 Nc6 4. Qe3 d6 5. Nc3 Nf6 6. Qg3 Be6 7. Bg5 Be7 8.
Bd3 h6 9. Be3 Nh5 10. Qf3 Ne5 11. Qe2 Nf6 12. h3 O-O 13. O-O-O c6 14. g4 Nh7
15. f4 Nxd3+ 16. Qxd3 c5 17. f5 Bc8 18. Nf3 a6 19. h4 f6 20. Nd5 Re8 21. Rdg1
b5 22. Nxe7+ Qxe7 23. Qd5+ Kh8 24. Qxa8 Bxf5 25. Qxe8+ Qxe8 26. gxf5 Qxe4 27.
Re1 Qxf3 28. Bd2 Kg8 29. Rhf1 Qd5 30. Re7 Qg2 31. Rfe1 Qg4 32. Rh1 Qg2 33. Rhe1
Qg4 34. Ra7 Qxf5 35. Rg1 g6 36. Bxh6 c4 37. Rg7+ Kh8 38. R7xg6 Qe6 39. Bg7+ Kg8
40. Bh8+ Kxh8 41. a3 1/2-1/2

[Event "Høstturnering"]
[Site "Alta"]
[Date "2006.10.17"]
[Round "7"]
[White "Mikalsen, Erlend"]
[Black "Rist, Karl-Johan"]
[Result "1/2-1/2"]
[WhiteElo "1073"]
[BlackElo "1256"]
[PlyCount "55"]
[EventDate "2006.??.??"]

1. e4 e6 2. f4 d5 3. e5 c5 4. Bb5+ Bd7 5. Bxd7+ Qxd7 6. Nc3 Nc6 7. Nf3 a6 8. a4
Nh6 9. O-O Nf5 10. d3 Be7 11. Qe1 O-O 12. Ne2 Rac8 13. c3 Na5 14. g4 Nh6 15. f5
exf5 16. Bxh6 gxh6 17. gxf5 Qxf5 18. Qd2 Nb3 19. Qxh6 Nxa1 20. Rf2 Kh8 21. Ng3
Qg6 22. Qh3 Bg5 23. Rg2 Qxd3 24. Nxg5 Qe3+ 25. Kh1 Qxg5 26. Nf5 Qc1+ 27. Rg1
Qf4 28. Rg7 1/2-1/2